00955cam a2200265 i 4500001000300000003000900003005001700012008004100029015001700070020001500087040003500102041001300137080001200150100004100162245007600203250002100279260003300300300002900333490002700362500015000389504001200539650001400551830002600565856009800591bgKOSZ 00520221202115712.0970510s1994 pl a |001 0 pol  aPB 1994/2418 a8385428046 aWA NcKOSZ 005/HRdKOSZ 005/HR0 apolaeng a339.1381 aSztucki, Tadeuszd(1919-2001)eAutor10aMarketing :bsposób myślenia, system działania /cTadeusz Sztucki. a[Wyd. 2 rozsz.]. aWarszawa :b"Placet",c1994. a223 s. :brys. ;c24 cm.1 aBiblioteka Biznesmena. aU dołu s. tyt. : Teoria i praktyka marketingu : kluczowe pytania i odpowiedzi, polsko-angielska terminologia marketingu. - Tekst częśc. ang. aIndeks. 4aMarketing 0aBiblioteka Biznesmena uhttp://koha.tu.koszalin.pl/cgi-bin/koha/opac-detail.pl?biblionumber=31324yKatalog online BPK